000 004210000a22001690004500
003 LK-CoMWRAF
008 230817t1997 ||||| |||| 00| 0 eng d
040 _aLK-CoMWRAF
_dLK-CoMWRAF
_eLK-CoMWRAF
041 _aeng
082 _a760
_bMAN
245 _aManava himikam
_badyana atpotha
260 _aColamba
_bjatin atara yuktiya ha samanatha
_c1997
300 _ap.88
650 _aHuman Rights
650 _alaw
942 _cBK
999 _c59
_d59